000 00726nam a2200289Ia 4500
005 20260324133932.0
008 008 260324s9999 xx 000 0 eng d
020 _a9781410603586
037 _aEBOOK
040 _aCRL
040 _beng
040 _cCRL
041 _2eng
041 _aeng
084 _qCRL
100 _aStephen F. Davis; William Buskist
_91194939
245 4 _aThe Teaching of Psychology
245 0 _bEssays in Honor of Wilbert J. McKeachie and Charles L. Brewer
260 _bTaylor and Francis
260 _c2002
365 _a
365 _b220
856 _uhttp://www.taylorfrancis.com/books/9781410603586
942 _cEBOOK
999 _c1794511
_d1794511